Biggest Cities By European Countries - Statistics

General Stats
  • This quiz has been taken 57 times
  • The average score is 16 of 20
Answer Stats
Country Population City % Correct
Germany 3.8M Berlin
100%
Spain 2.8M Madrid
100%
Russia 13.0M Moscow
100%
Italy 2.6M Rome
100%
Spain 1.4M Barcelona
98%
Russia 5.6M Saint Petersburg
96%
Germany 1.5M Munich
91%
Germany 1.9M Hamburg
89%
Italy 1.2M Milan
89%
Spain 0.7M Valencia
89%
Italy 0.9M Naples
87%
Germany 0.8M Frankfurt
85%
Germany 1.1M Cologne
81%
Spain 0.6M Seville
81%
Italy 0.8M Turin
77%
Italy 0.6M Palermo
60%
Russia 1.3M Nizhny Novgorod
53%
Spain 0.6M Zaragoza
51%
Russia 1.5M Yekaterinburg
47%
Russia 1.6M Novosibirsk
43%
No matching quizzes found
Score Distribution
Percent of People with Each Score
Percentile by Number Answered
Your Score History
You have not taken this quiz